| 000 | 00456nam a2200181Ia 4500 | ||
|---|---|---|---|
| 001 | 72417 | ||
| 008 | 160401s9999 xx 000 0 und d | ||
| 020 | _a9788857210797 | ||
| 040 | _cPK-LaUMT | ||
| 082 |
_a 712 _bPOL-A |
||
| 100 | _aPoli, Michela de | ||
| 245 | 3 |
_aAn Atlas of recycled landscapes _cPoli, Michela de|Incerti, Guido |
|
| 260 |
_aLondon,UK: _bSkira, _c2014 |
||
| 300 | _a269 p. | ||
| 546 | _aEN | ||
| 700 | _aIncerti, Guido | ||
| 942 | _cBK | ||
| 999 |
_c85397 _d85397 |
||